000 00318nam a2200121Ia 4500
008 220216s9999 xx 000 0 und d
100 _aMenon P.M.
245 0 _aWashington Assembly of the International Rubber Study Group
260 _bRubber Board Bulletin
_c1977
300 _a13-Oct
650 _aIRSG
942 _cBS
999 _c49657
_d49657